Problematika štatútu Kosova z hľadiska stability na západnom Balkáne diplomová práca

Gespeichert in:
Bibliographische Detailangaben
1. Verfasser: Strmeňová, Eva
Körperschaft: Fakulta medzinárodných vzťahov EU. Katedra medzinárodných politických vzťahov
Weitere Verfasser: Weiss, Peter
Format: Buch
Sprache:Slowakisch
Veröffentlicht: Bratislava 2009
Tags: Tag hinzufügen
Keine Tags, Fügen Sie das erste Tag hinzu!

MARC

LEADER 00000nam$a2200000$$$4500
001 0097225
005 20240318140649.3
041 0 |a slo 
044 |a SK 
245 1 0 |a Problematika štatútu Kosova z hľadiska stability na západnom Balkáne  |b diplomová práca  |c Eva Strmeňová ; škol. Peter Weiss 
264 1 |a Bratislava  |c 2009 
300 |a 67 s. 
100 1 |a Strmeňová, Eva 
700 1 |a Weiss, Peter 
710 2 |a Fakulta medzinárodných vzťahov EU. Katedra medzinárodných politických vzťahov